| Поле | Инд. | ПП | Название | Значение |
|---|---|---|---|---|
| Тип записи | a | |||
| Библиографический уровень | m | |||
| 001 | Контрольный номер | RU/IS/BASE/264541326 | ||
| 005 | Дата корректировки | 20250409163533.8 | ||
| 008 | Кодируемые данные | 19970528 | ||
| 040 | 00 | e | Правила каталог. | Л 970528 |
| 084 | a | Индекс другой классификации/Индекс ББК | 28.691.89 | |
| 090 | 00 | a | Полочн. индекс | 28.691.89 |
| x | Авторский знак | Ш 78 | ||
| 097 | 00 | a | 230 | |
| 100 | 10 | a | Автор | Шовен Р. |
| 245 | 00 | a | Заглавие | Мир насекомых |
| c | Ответственность | перевод с французского Н. Б. Кобриной; под редакцией и с предисловием И. А. Халифмана | ||
| 260 | 00 | a | Место издания | Москва |
| b | Издательство | Мир | ||
| c | Дата издания | 1970 | ||
| 300 | 00 | a | Объем | 240 с. |
| b | Иллюстрации/ тип воспроизводства | ил. | ||
| 336 | a | Термин вида содержания | Текст | |
| 337 | a | Термин типа средства | непосредственный | |
| 440 | 00 | a | Серия | В мире науки и техники |
| 504 | 00 | a | Библиография | Библиогр. |
| 650 | 04 | a | Основная рубрика | биология; зоология |
| 653 | 00 | a | Ключевые слова | аутэкология |
| a | Ключевые слова | деревья | ||
| a | Ключевые слова | животные | ||
| a | Ключевые слова | инсектициды | ||
| a | Ключевые слова | исследования | ||
| a | Ключевые слова | лабораторные методы | ||
| a | Ключевые слова | математическая экология | ||
| a | Ключевые слова | математические методы | ||
| a | Ключевые слова | местообитание | ||
| a | Ключевые слова | микроклимат | ||
| a | Ключевые слова | насекомые | ||
| a | Ключевые слова | полевая экология | ||
| a | Ключевые слова | популяции | ||
| a | Ключевые слова | почвенные насекомые | ||
| a | Ключевые слова | почвы | ||
| a | Ключевые слова | растительные сообщества | ||
| a | Ключевые слова | репелленты | ||
| a | Ключевые слова | сельскохозяйственные растения | ||
| a | Ключевые слова | синэкология (экология сообществ) | ||
| a | Ключевые слова | уровни фауны | ||
| a | Ключевые слова | фауна | ||
| a | Ключевые слова | фауна почв | ||
| a | Ключевые слова | флора | ||
| a | Ключевые слова | численность | ||
| a | Ключевые слова | экологические катастрофы | ||
| a | Ключевые слова | экология | ||
| a | Ключевые слова | энтомология | ||
| a | Ключевые слова | эффект группы | ||
| 700 | 10 | a | Автор | Халифман И. А. |
| e | Роль лиц | редактор; автор предисловия | ||
| 700 | 10 | a | Автор | Кобрина Н. Б. |
| e | Роль лиц | переводчик | ||
| 720 | a | Наименование подборки | Животные (насекомые) | |
| 900 | a | Имя электронного ресурса | obl_mir_nasekom_1970 | |
| x | Справочная информация | Обложка | ||
| 901 | t | Тип документа | m | |
| 952 | a | Тип литературы для КСУ ВШ | НАУ |